| 000 | 00560nam a2200229Ia 4500 | ||
|---|---|---|---|
| 008 | 210210b2014 xxu||||| |||| 00| 0 eng d | ||
| 020 | _a9788129115553 | ||
| 041 | _aeng | ||
| 082 | _a954.87 BELV | ||
| 100 | _aBELLIAPPA (C P) | ||
| 245 | _aVictoria gowramma: the lost princess of Coorg | ||
| 260 |
_aNew Delhi _bRupa Publications India _c2014 |
||
| 300 | _axiv,239 | ||
| 650 | _aVictoria | ||
| 650 | _aprincess | ||
| 650 | _aof | ||
| 650 | _alost | ||
| 650 | _agowramma:the | ||
| 650 | _acoorg | ||
| 690 | _aKarnataka History | ||
| 906 | _a069475 | ||
| 999 |
_c118965 _d118965 |
||